Skip to main content
Your cart is empty.
Your lists
Log in to create your own lists
Your cookies
العربية
English
العربية
Home
Search
Advanced search
Authority search
About
The noble scholar, jurist, historian
His Excellency Dr. Abdul Wahhab bin Ibrahim Abu Sulaiman, may Allah have mercy on him.
He was born in Umm Al-Qura in the year 1356 AH.
Library catalog
Title
Author
Subject
ISBN
ISSN
Series
Call number
Log in to your account
×
Login:
Password:
Home
MARC view: ضيوف الرحمن :
Normal view
MARC view
ISBD view
ضيوف الرحمن : (Record no. 355)
[
view plain
]
MARC details
000 -LEADER
fixed length control field
01911cam a22004331i 4500
003 - CONTROL NUMBER IDENTIFIER
control field
SA-RiAUC
005 - DATE AND TIME OF LATEST TRANSACTION
control field
20240917071147.0
008 - FIXED-LENGTH DATA ELEMENTS--GENERAL INFORMATION
fixed length control field
240916s2007____su g b 000 0 ara c
020 ## - INTERNATIONAL STANDARD BOOK NUMBER
International Standard Book Number
9789960543529
040 ## - CATALOGING SOURCE
Original cataloging agency
SA-RiKSU
Language of cataloging
ara
Transcribing agency
SA-RiAUC
Description conventions
rda
041 1# - LANGUAGE CODE
Language code of text/sound track or separate title
ara
Language code of original
eng
050 #4 - LIBRARY OF CONGRESS CALL NUMBER
Item number
.B53 2007
050 14 - LIBRARY OF CONGRESS CALL NUMBER
Item number
. B5312 2007
082 04 - DEWEY DECIMAL CLASSIFICATION NUMBER
Classification number
252.5
Assigning agency
SA-RiAUC
Item number
ب ي ا
090 ## - LOCALLY ASSIGNED LC-TYPE CALL NUMBER (OCLC); LOCAL CALL NUMBER (RLIN)
Classification number (OCLC) (R) ; Classification number, CALL (RLIN) (NR)
252.5
Local cutter number (OCLC) ; Book number/undivided call number, CALL (RLIN)
ب ي ا
100 1# - MAIN ENTRY--PERSONAL NAME
Personal name
بيانكي، روبرت،
Dates associated with a name
1945-
Relator term
مؤلف.
240 10 - UNIFORM TITLE
Uniform title
Guests of God : pilgrimage and politics in the Islamic world.
Language of a work
Arabic
245 10 - TITLE STATEMENT
Title
ضيوف الرحمن :
Remainder of title
الحج والسياسة في العالم الإسلامي /
Statement of responsibility, etc.
تأليف روبرت بيانكي ؛ نقله إلى العربية سعيد محمد الأسعد.
250 ## - EDITION STATEMENT
Edition statement
الطبعة الأولى.
264 #1 - PRODUCTION, PUBLICATION, DISTRIBUTION, MANUFACTURE, AND COPYRIGHT NOTICE
Place of production, publication, distribution, manufacture
الرياض :
Name of producer, publisher, distributor, manufacturer
شركة مكتبة العبيكان للأبحاث والتطوير،
Date of production, publication, distribution, manufacture, or copyright notice
2007
300 ## - PHYSICAL DESCRIPTION
Extent
456 صفحة ؛
Dimensions
24 سم
336 ## - CONTENT TYPE
Content type term
نص
Content type code
txt
Source
rdacontent
Materials specified
كتاب
337 ## - MEDIA TYPE
Media type term
بدون وسيط
Media type code
n
Source
rdamedia
338 ## - CARRIER TYPE
Carrier type term
مجلد
Carrier type code
nc
Source
rdacarrier
500 ## - GENERAL NOTE
General note
غلاف مصور.
500 ## - GENERAL NOTE
General note
يشتمل على ملحق.
504 ## - BIBLIOGRAPHY, ETC. NOTE
Bibliography, etc. note
ببليوجرافية : صفحة 415-455.
504 ## - BIBLIOGRAPHY, ETC. NOTE
Bibliography, etc. note
يشتمل على إرجاعات ببليوجرافية.
590 ## - LOCAL NOTE (RLIN)
Local note
حميد.
650 #7 - SUBJECT ADDED ENTRY--TOPICAL TERM
Topical term or geographic name entry element
الحج
General subdivision
جوانب اجتماعية
Source of heading or term
aucsh
650 #7 - SUBJECT ADDED ENTRY--TOPICAL TERM
Topical term or geographic name entry element
الحج
General subdivision
جوانب سياسية
Source of heading or term
aucsh
650 #7 - SUBJECT ADDED ENTRY--TOPICAL TERM
Topical term or geographic name entry element
الإسلام والسياسة
Source of heading or term
aucsh
650 #7 - SUBJECT ADDED ENTRY--TOPICAL TERM
Topical term or geographic name entry element
الإسلام
General subdivision
جوانب سياسية
Source of heading or term
aucsh
651 #7 - SUBJECT ADDED ENTRY--GEOGRAPHIC NAME
Geographic name
البلاد الإسلامية
General subdivision
سياسة وحكومة
Source of heading or term
aucsh
700 1# - ADDED ENTRY--PERSONAL NAME
Personal name
الأسعد، سعيد محمد
Relator term
معرب.
700 12 - ADDED ENTRY--PERSONAL NAME
Relationship information
ترجمة لـ :
Personal name
بيانكي، روبرت،
Dates associated with a name
1945-.
Title of a work
Guests of God : pilgrimage and politics in the Islamic world
942 ## - ADDED ENTRY ELEMENTS (KOHA)
Source of classification or shelving scheme
Dewey Decimal Classification
Koha item type
Books
949 ## - LOCAL PROCESSING INFORMATION (OCLC)
a
SA-JeALM
d
240916
u
mohamedma123
n
1
Holdings
Withdrawn status
Lost status
Source of classification or shelving scheme
Damaged status
Not for loan
Home library
Current library
Date acquired
Total checkouts
Full call number
Barcode
Date last seen
Price effective from
Koha item type
Dewey Decimal Classification
DR AbdElwahab Library
DR AbdElwahab Library
09/17/2024
252.5 ب ي ا
000000474
09/17/2024
09/17/2024
Books
Place hold
Print
Add to your cart
(remove)
Save record
BIBTEX
Dublin Core
MARCXML
MARC (non-Unicode/MARC-8)
MARC (Unicode/UTF-8)
MARC (Unicode/UTF-8, Standard)
MODS (XML)
RIS
ISBD
More searches
Search for this title in:
Other Libraries (WorldCat)
Other Databases (Google Scholar)
Online Stores (Bookfinder.com)
Open Library (openlibrary.org)
Exporting to Dublin Core...
×
Simple DC-RDF
OAI-DC
SRW-DC